ბათუმის შოთა რუსთაველის სახელმწიფო უნივერსიტეტის ბიბლიოთეკა

Yedi iklim Türkçe :Türkçe öğretim seti : çalışma kitabı : seviye C2 / (ბიბ.ჩანაწერი № 61626)

000 -LEADER
fixed length control field 00902nam a22002057a 4500
005 - DATE AND TIME OF LATEST TRANSACTION
control field 20240403101922.0
008 - FIXED-LENGTH DATA ELEMENTS--GENERAL INFORMATION
fixed length control field 240402s2015 tu ||||| |||| 00| 0 tur d
020 ## - INTERNATIONAL STANDARD BOOK NUMBER
International Standard Book Number 9786058701021x
041 ## - LANGUAGE CODE
Language code of text/sound track or separate title tur
080 ## - UNIVERSAL DECIMAL CLASSIFICATION NUMBER
Universal Decimal Classification number 811.512.161 Y-40
245 ## - TITLE STATEMENT
Title Yedi iklim Türkçe :Türkçe öğretim seti : çalışma kitabı : seviye C2 /
Statement of responsibility, etc. İbrahim Gültekin, Mahior Kalfa, და სხვ...
264 ## - PRODUCTION, PUBLICATION, DISTRIBUTION, MANUFACTURE, AND COPYRIGHT NOTICE
Place of production, publication, distribution, manufacture Ankara :
Name of producer, publisher, distributor, manufacturer Yunus Emre Enstitüsü,
Date of production, publication, distribution, manufacture, or copyright notice 2015.
300 ## - PHYSICAL DESCRIPTION
Extent 85 s. :
Other physical details il. kolor.
Dimensions 30 cm.
Accompanying material +1CD
653 ## - INDEX TERM--UNCONTROLLED
keyword Yedi iklim Türkçe : Türkçe öğretim seti : çalışma kitabı
653 ## - INDEX TERM--UNCONTROLLED
keyword თურქული სასწავლო ნაკრები: სამუშაო წიგნი:
653 ## - INDEX TERM--UNCONTROLLED
keyword თურქული ენა
700 ## - ADDED ENTRY--PERSONAL NAME
Personal name Gültekin, İbrahim
Relator term ავტორი
9 (RLIN) 21675
700 ## - ADDED ENTRY--PERSONAL NAME
Personal name Kalfa, Mahior
Relator term ავტორი და სხვ
9 (RLIN) 21676
942 ## - ADDED ENTRY ELEMENTS (KOHA)
Source of classification or shelving scheme
Koha item type წიგნი
ეგზემპლარები
Withdrawn status Lost status Source of classification or shelving scheme Damaged status Not for loan Permanent Location Current Location Shelving location Date acquired Cost, normal purchase price Full call number Barcode Date last seen Copy number Price effective from Koha item type Public note
          ბათუმის შოთა რუსთაველის სახელმწიფო უნივერსიტეტის მთავარი ბიბლიოთეკა ბათუმის შოთა რუსთაველის სახელმწიფო უნივერსიტეტის მთავარი ბიბლიოთეკა წიგნსაცავი 2024-04-02 10.00 811.512.161(075) Y-40 67770 2024-04-02 67770 2024-04-02 წიგნი 10.00